| 000 | 01224nam a2200265Ia 4500 | ||
|---|---|---|---|
| 003 | GCL | ||
| 005 | 20240530110856.0 | ||
| 008 | 140319s1994 ua a 000 0 ara d | ||
| 040 |
_aGCL / _cGCL |
||
| 082 | 0 | 4 |
_a398.245/ _bب ك |
| 100 | 1 | _aبيدبا | |
| 245 | 1 | 0 |
_a كليله ودمنه / _cوضعة بيدبا ؛ عبدالله بن المقفع ؛ حققها وقدم لها عبدالوهاب عزام ؛ الاشراف العام محمد المعلم ؛ اللوحات سوزانة فريتز الاشراف الفنى م اعبدالسلام الشريف ؛ اشرف على التنفيذ ابراهيم المعلم |
| 260 |
_aبيروت : _bدار الشروق ؛ _c1994 |
||
| 300 |
_a366 ص. : _bصور، _c32 سم. |
||
| 650 | 0 | 7 |
_aالادب العربى _2qrmak |
| 650 | 0 | 7 |
_aالبلاغة العربية _2qrmak |
| 650 | 0 | 7 |
_aالادب الشعبى _2qrmak |
| 650 | 0 | 7 |
_aكليلة ودمنة _2qrmak |
| 700 | 0 |
_aبن المقفع، عبد الله بن محمد _eمترجم |
|
| 700 | 0 |
_aعبدالوهاب عزام _eمحقق |
|
| 700 | 0 |
_aمحمد المعلم _eمشرف |
|
| 700 | 1 |
_aفريتز, سوزانة _eرسام |
|
| 700 | 0 |
_aابراهيم المعلم _eمشرف |
|
| 942 |
_2ddc _cBK |
||
| 999 |
_c66044 _d66044 |
||